000 01492nam0a2200373 i 4500
001 RU\NLR\BIBL_A\012379386
005 20241103091102.0
010 _a9785041109035
_93000
021 _aRU
_b2020-37638
_9КН-П-2849
035 _a(RuMoRGB)010376161
035 _a(NLR Aleph) 012379386
090 _a11618789
_c11618789
100 _a20201016d2020 u y0rusy50 ca
101 1 _arus
_ceng
102 _aRU
105 _aac||z|||000zy
181 0 _ai
_baxxe
182 0 _an
200 1 _aПоследняя лекция
_fРэнди Пауш совместно с Джефри Заслоу
_g[перевод с английского Т. Новиковой]
203 _aТекст
_bвизуальный
_cнепосредственный
210 _aМосква
_cБомбора
_cЭксмо
_d2020
215 _a284, [2] с.
_cил., портр.
_d18
225 1 _aПроект True story
_iКниги, которые вдохновляют
225 1 _aМеждународный бестселлер
300 _aЗагл. и авт. ориг.: The last lecture / Randy Paush
333 _a16+
454 0 _12001#$aThe last lecture$fRandy Paush
_1700#1$aPaush$bR.$f1960-2008$gRandy
_tThe last lecture
_aPaush, Randy (1960-2008)
606 _aПсихогигиена
_9929392
_3RU\NLR\AUTH\6623393
686 1 _aЮ948.1-8
700 1 _aПауш
_bР.
_f1960-2008
_gРэнди
942 _cBOOK
980 _aNBR